Dairy dilemma [policy for milk marketing agreements].

Bibliographic Details
Corporate Author: United States. Agricultural Adjustment Administration
Format: Government Document eBook
Language:English
Published: [Washington] : [s.n.], 1934.
Subjects:
Online Access:Electronic resource (PDF)

MARC

Tag First Indicator Second Indicator Subfields
LEADER 00000cam a22000001i 4500
001 in00003906821
006 m d f
007 cr bn mmmapmmp
008 341010s1934 dcu o f000 0 eng d
005 20250210232556.5
035 |a ebd1933006186 
040 |a UMI  |c UMI  |e rda  |d UtOrBLW 
086 0 |a A 55.15:W 15 
099 |a A55.15..W15 
110 1 |a United States.  |b Agricultural Adjustment Administration.  |0 http://id.loc.gov/authorities/names/n50061612 
245 1 0 |a Dairy dilemma [policy for milk marketing agreements]. 
264 1 |a [Washington] :  |b [s.n.],  |c 1934. 
300 |a 1 online resource (13 pages), digital, PDF file 
336 |a text  |b txt  |2 rdacontent 
337 |a computer  |b c  |2 rdamedia 
338 |a online resource  |b cr  |2 rdacarrier 
533 |a Electronic reproduction.  |b [Bethesda, Md.] :  |c ProQuest,  |d 2016  |e digital, PDF file.  |n ProQuest U.S. Executive Branch Documents  |n Mode of access: World Wide Web via ProQuest website. 
588 |a Record is based on online resource; title from PDF title page (ProQuest, last viewed July 2016). Reuse except for individual research requires license from ProQuest, LLC. 
650 0 |a Dairy products industry.  |0 http://id.loc.gov/authorities/subjects/sh85035460 
650 0 |a Farm produce  |x Marketing.  |0 http://id.loc.gov/authorities/subjects/sh85047242 
650 0 |a Agricultural prices.  |0 http://id.loc.gov/authorities/subjects/sh85002394 
650 0 |a Agriculture and state.  |0 http://id.loc.gov/authorities/subjects/sh85002484 
856 4 0 |u http://proxy.library.tamu.edu/login?url=http://congressional.proquest.com/congressional/docview/t66.d71.a55.15..w15?  |y Electronic resource (PDF)  |t 0 
999 f f |s 1e019f9b-019f-3189-9178-a6ff57d3acd3  |i fa6544dc-56fd-3f7e-b5a2-28581f7be049  |t 0 
952 f f |a Texas A&M University  |b College Station  |c Electronic Resources  |d Available Online  |t 0  |h No information provided 
998 f f |t 0  |l Available Online